000 00478nam a2200181Ia 4500
005 20250326125840.0
008 250326s9999 xx 000 0 und d
037 _aTextbook
040 _aFMSL
_beng
_cFMSL
041 _aeng
_2eng
084 _aX N5
_qFMSL
100 _aKAATRI
_9739803
245 0 _aEconomic at work
_cKaatri; Janbir G C
260 _aAllahabad
_bAllahabad, Kitab Mahal
_c1965
300 _a417p
942 _cTB
_hX N5
999 _c1279851
_d1279851